Fire Emblem: Radiant Dawn Signature Weapons - Statistics

General Stats
  • This quiz has been taken 22 times
    21 since last reset
  • The average score is 16 of 26
Answer Stats
Hint Answer Weapon Tier % Correct
Light Thani --
94%
Sword Alondite SS
88%
Axe Urvan SS
88%
Bow Double Bow SS
82%
Sword Ragnell --
82%
Sword Amiti --
76%
Sword Caladbolg --
76%
Fire Cymbeline --
76%
Fire Rexflame SS
76%
Axe Tarvos --
76%
Staff Ashera Staff SS
71%
Light Rexaura SS
71%
Sword Ettard --
65%
Sword Florete --
65%
Thunder Rexbolt SS
65%
Sword Vague Katti SS
65%
Dark Balberith SS
59%
Wind Rexcalibur SS
59%
Bow Lughnasadh --
53%
Lance Wishblade SS
53%
Knife Baselard SS
47%
Crossbow Aqqar --
29%
Crossbow Arbalest --
29%
Staff Matrona SS
29%
Light Creiddylad --
24%
Crossbow Taksh --
12%
No matching quizzes found
Score Distribution
Percent of People with Each Score
Percentile by Number Answered
Your Score History
You have not taken this quiz since the last reset